Statistiques concernant La Réponse est une station du métro parisien

Cliquez ici pour prendre le quiz!

Statistiques générales

  • Ce quiz a été pris 32 826 fois
  • Le résultat moyen est 11 sur 18

Statistiques - réponses

IndiceRéponseLigne(s)% Correct
Pays dont la capitale est Buenos AiresArgentineParis transit icons - Métro 1
98%
Forteresse prise un 14 juilletBastilleParis transit icons - Métro 1 Paris transit icons - Métro 5 Paris transit icons - Métro 8
93%
Signification d'une lettre dans ONUNationParis transit icons - Métro 1 Paris transit icons - Métro 2 Paris transit icons - Métro 6 Paris transit icons - Métro 9
93%
Auteur de Notre-Dame de ParisVictor HugoParis transit icons - Métro 2
79%
Pâtisserie appréciée de Marcel ProustMadeleineParis transit icons - Métro 8 Paris transit icons - Métro 12 Paris transit icons - Métro 14
77%
Avion de ligne supersoniqueConcordeParis transit icons - Métro 1 Paris transit icons - Métro 8 Paris transit icons - Métro 12
76%
Vercingétorix y rendit les armesAlésiaParis transit icons - Métro 4
75%
Khéops, Khephren et MykérinosPyramidesParis transit icons - Métro 7 Paris transit icons - Métro 14
75%
Son nom actuel est VolgogradStalingradParis transit icons - Métro 2 Paris transit icons - Métro 5 Paris transit icons - Métro 7
64%
Petit château fortChâteletParis transit icons - Métro 1 Paris transit icons - Métro 4 Paris transit icons - Métro 7 Paris transit icons - Métro 11 Paris transit icons - Métro 14
60%
Coffre isotherme pour conserver au fraisGlacièreParis transit icons - Métro 6
58%
Système politique adopté par VeniseRépubliqueParis transit icons - Métro 3 Paris transit icons - Métro 5 Paris transit icons - Métro 8 Paris transit icons - Métro 9 Paris transit icons - Métro 11
53%
Péninsule européenne contestéeCriméeParis transit icons - Métro 7
39%
Ils sont incapables de travaillerInvalidesParis transit icons - Métro 8 Paris transit icons - Métro 13
38%
Ministre du culte protestantPasteurParis transit icons - Métro 6 Paris transit icons - Métro 12
33%
Capitale mondiale du diamantAnversParis transit icons - Métro 2
29%
Édifice antique où l'on chantaitOdéonParis transit icons - Métro 4 Paris transit icons - Métro 10
24%
Général dont on associe le nom à un mot vulgaireCambronneParis transit icons - Métro 6
16%

Distribution des résultats

Percentile par nombre de réponses

% des personnes avec chaque résultat

Votre développement - résultats

Vous n’avez pas pris ce quiz